Famous People with Sideburns (by Picture) - Statistics

General Stats
  • This quiz has been taken 345 times
  • The average score is 9 of 16
Answer Stats
Picture Hint Answer % Correct
Elvis Presley
98%
John Lennon
93%
Brad Pitt
86%
Dwayne Johnson
86%
Hugh Jackman
81%
(fictional) Wolverine
74%
Alexander the Great
68%
John Belushi
54%
Matthew Broderick
53%
Dan Aykroyd
51%
Lemmy
29%
Neil Young
29%
Ambrose Burnside
27%
Wilhelm I
27%
Martin Van Buren
14%
Isaac Asimov
9%
No matching quizzes found
Score Distribution
Percent of People with Each Score
Percentile by Number Answered
Your Score History
You have not taken this quiz